| Tag |
First Indicator |
Second Indicator |
Subfields |
| LEADER |
00000cam a2200000I 4500 |
| 001 |
in00000027633 |
| 005 |
20151007062656.0 |
| 008 |
720728s1936 nyu 000 1 eng u |
| 010 |
|
|
|a 36027188
|
| 035 |
|
|
|a (OCoLC)ocm00367849
|
| 035 |
|
|
|a (OCoLC)00367849
|
| 035 |
|
|
|9 AAD5524AM
|
| 040 |
|
|
|c WSU
|d OCL
|d UtOrBLW
|
| 049 |
|
|
|a TXAM
|c [163657]
|
| 090 |
|
|
|a PR6045.E8
|b T5
|
| 100 |
1 |
|
|a West, Rebecca,
|d 1892-1983.
|
| 245 |
1 |
4 |
|a The thinking reed.
|
| 264 |
|
1 |
|a New York :
|b The Viking press,
|c [1936]
|
| 300 |
|
|
|a 431 pages
|
| 336 |
|
|
|a text
|b txt
|2 rdacontent
|
| 337 |
|
|
|a unmediated
|b n
|2 rdamedia
|
| 338 |
|
|
|a volume
|b nc
|2 rdacarrier
|
| 994 |
|
|
|a E0
|b TXA
|
| 999 |
|
|
|a MARS
|
| 999 |
f |
f |
|s 93d47d47-ce29-3826-b0ff-688089859f2f
|i eed79ad4-69a4-348d-abe6-9227a0a0b7c5
|t 0
|
| 952 |
f |
f |
|p ric
|a Texas A&M University
|b Rellis Campus
|c Joint Library Facility
|d Remote Storage
|t 0
|e PR6045.E8 T5
|h Library of Congress classification
|i unmediated -- volume
|m A14801333754
|
| 998 |
f |
f |
|a PR6045.E8 T5
|t 0
|l Remote Storage
|